000 00522nam a2200181Ia 4500
003 OSt
005 20251119093558.0
008 210210b1954 xxu||||| |||| 00| 0 eng d
040 _cAL
041 _akan
082 _a851/68
100 _aKINNIGOLI (A G)
_9159090
_dಕಿನ್ನಿಗೋಳಿ (ಎ ಜಿ)
245 _aKshatra darshana:
_bಕ್ಷಾತ್ರ ದರ್ಶನ
260 _aKinnigoli
_bYugapurusha Prakatanalaya
_c1954
690 _aKannada Poetry
_9159091
906 _a018085
942 _2ddc
_cBK
999 _c141217
_d141217